000
00309nam a2200133Ia 4500
005
20251222141819.0
008
251222s9999||||xx |||||||||||||| ||spa||
020
_a
84-254-1434-2
082
_a
370.19/S29
100
_a
Scheuerl, Hans
245
0
_a
Antropología Pedagógica:
264
_b
Herder
942
_c
LIB
999
_c
6730
_d
6730